00622nam a22001691a 45000010005000000030004000050050017000090080041000260500020000670820026000871000022001132450128001352640026002633000010002894900060002996500093003591829OSt20260204211748.0040122s2002||||dr ||||||b||||||||||spa|| aRD 303.33 V438p aRD303.33 V438p SDT.13 aVerdesoto, Luís aPolíticas públicas de estímulo al control social de la gestión pública: dimensiones conceptuales / Luis Verdesoto aSanto Domingo : INTEC a88 p. aColección Sociedad Civil Serie Documentos de Traba 13 a1.Control Social 2.Participación Social 3.Sociedad Civil - República DominicanaÌ